Responses for Show #7805 - Friday, July 13, 2018

The Final Jeopardy! screen displays the clue incorrectly in the studio, disadvantaging a challenger and resulting in him being invited back later in the year.

Contestants

[<< previous game]

Bryan Rucker, a writer from Los Angeles, California

Vincent Valenzuela, an internal customer service manager from Wheaton, Illinois

Michelle Cabral, an elementary school music teacher from Toronto, Ontario, Canada (whose 1-day cash winnings total $18,400)

[next game >>]

Jeopardy! Round responses

FIRST LINES FROM NOVELS
OUT IN LEFT FIELD
THE HUMAN BODY
CROSSWORD CLUES "P"
A STREETCAR
NAME DESIRED
    $200 1
Huckleberry Finn

Vincent
    $200 17
Shoeless Joe

Michelle
    $200 2
follicles

Bryan
    $200 6
to pout

Michelle
    $200 9
San Francisco

Vincent
    $200 10
the Saints

Bryan
    $400 3
A Tale of Two Cities

Michelle
    $400 27
third

Bryan
    $400 8
clavicle

Bryan
    $400 18
pincers

Michelle
    $400 13
(Michelle: What is Phoenix?)

Tucson

Michelle
Triple Stumper
    $400 11
Greenpeace

Bryan
    $600 4
Casino Royale

Michelle
    $600 28
the Green Monster

Michelle
    $1,000 12
synapses

Bryan
    $600 19
paranormal

Bryan
    $600 14
Philadelphia

Michelle
    $600 24
the International Space Station

Triple Stumper
    $800 5
Anna Karenina

Bryan
    $800 29
St. Louis

Vincent
    $800 15
the Eustachian tube

Vincent
    $800 20
(Vincent: What are paddies? What--)
(Alex: No.)

paddy

VincentBryan
    $800 22
(Vincent: What is Pasadena?)

Portland

VincentBryan
    $800 25
Styx

Michelle
    $1000 7
(Bryan: What is Fahrenheit 451?)

The Natural

VincentBryan
    $1000 30
the Miami Marlins

Triple Stumper
    $1000 16
cruciate ligaments

Vincent
    $1000 21
(Bryan: What is pillar?)

pagoda

Bryan
Triple Stumper
    $1000 23
the South Platte River

Triple Stumper
    $1000 26
(David) Attenborough

Bryan

Scores at the first commercial break (after clue 15):

Michelle Vincent Bryan
$1,400 $2,200 $2,000

Scores at the end of the Jeopardy! Round:

Michelle Vincent Bryan
$3,400 $2,400 $4,600

Double Jeopardy! Round responses

MY AUTOBIOGRAPHY THAT I WROTE
SHADY CHARACTERS
IRISH HISTORY
THE SOCIAL NETWORK
(Alex: Then, from the official UNESCO list of 54 endangered World Heritage sites...)
WORLD HERITAGE IN DANGER
PARTING WORDS
    $400 10
Charles Barkley

Vincent
    $400 5
the X-Men

Michelle
    $400 26
(Alex: With less than a minute ago.)

the potato famine

Michelle
    $400 15
a crew/krewe

Triple Stumper
    $400 1
a minaret

Michelle
    $400 18
a split

Vincent
    $800 11
I Know Why the Caged Bird Sings

Bryan
    $800 6
Inglourious Basterds

Vincent
    $800 27
St. Patrick

Vincent
    $800 16
tribe

Michelle
    $800 2
Everglades National Park

Vincent
    $800 19
bisect

Vincent
    $1200 12
A.A. Milne

Michelle
    $1200 7
Mr. T

Michelle
    $6,800 28
orange

Vincent
    $1200 17
(Vincent: What are known? Oh, what are known [bleep].)
...
(Alex: What are [*]? The other 4-letter word was not acceptable. Michelle, back to you.)
(Michelle: I thought it was gonna be me.)

known associates

Vincent
Triple Stumper
    $1200 3
Liverpool

Bryan
    $1200 20
a cleaver

Michelle
    $1,200 13
(Ben) Carson

Michelle
    $1600 8
Gone Girl

Bryan
    $1600 29
the IRA

Vincent
    $1600 24
kin

Bryan
    $1600 4
barrier reef

Triple Stumper
    $1600 21
a wedge

Vincent
    $2000 14
desolation

Triple Stumper
    $2000 9
(Vincent: What is the T-2000?)

the T-1000

MichelleVincent
    $2000 30
O'Connell

Triple Stumper
    $2000 25
a coffee klatsch

Vincent
    $2000 23
Syria

Bryan
    $2000 22
asunder

Michelle

Scores at the end of the Double Jeopardy! Round:

Michelle Vincent Bryan
$14,200 $15,200 $11,800

[wagering suggestions for these scores]

Final Jeopardy! Round responses

MODERN LANGUAGE
(Alex: [Preparing to reveal Vincent's response] Vincent reacted negatively a moment ago. Why was that? Because...)
(Vincent: I misread the question.)
[The clue displayed "his" instead of "this" in the studio, disadvantaging Vincent and resulting in his return in Season 35.]
BryanWhat is a tree hugger?
$0
MichelleWhat is a tree hugger?
$4,000
VincentWhat is tree hugger? Carl Sagan?
$13,201
a tree hugger

Final scores:

Michelle Vincent Bryan
$18,200 $1,999 $11,800
2-day champion: $36,600 3rd place: $1,000 2nd place: $2,000

Game dynamics:

Coryat scores:

Michelle Vincent Bryan
$14,600 $9,600 $11,400
18 R
(including 1 DD),
1 W
16 R
(including 1 DD),
4 W
16 R
(including 1 DD),
2 W

Combined Coryat: $35,600

[game clues] [game scores] [suggest correction]

Game tape date: 2018-03-07
The J! Archive is created by fans, for fans. Scraping, republication, monetization, and malicious use prohibited; this site may use cookies and collect identifying information. See terms. The Jeopardy! game show and all elements thereof, including but not limited to copyright and trademark thereto, are the property of Jeopardy Productions, Inc. and are protected under law. This website is not affiliated with, sponsored by, or operated by Jeopardy Productions, Inc. Join the discussion at JBoard.tv.